[Event "DEM U12 2018"]
[Site "Willingen GER"]
[Date "2018.05.24"]
[Round "8"]
[White "Haack, Kevin"]
[Black "Halabi, Ibrahim"]
[Result "1-0"]
[Termination "normal"]
[Board "12"]
[WhiteElo "1846"]
[BlackElo "1701"]
[WhiteClock "00:14:29"]
[BlackClock "00:07:38"]
[PlyCount "99"]
[WhiteFideId "16228715"]
[BlackFideId "16241754"]
[EventCountry "GER"]
[EventRounds "11"]
[EventType "swiss"]
[EventDate "2018.05.19"]

1. c4 {[%clk 1:15:56]} 1... e6 {[%clk 1:15:56]} 2. g3 {[%clk 1:16:19]} 2... d5
{[%clk 1:16:13]} 3. Bg2 {[%clk 1:16:43]} 3... Nf6 {[%clk 1:16:29]} 4. Nf3 {
[%clk 1:17:07]} 4... c6 {[%clk 1:16:21]} 5. O-O {[%clk 1:17:29]} 5... Nbd7 {
[%clk 1:16:11]} 6. d4 {[%clk 1:17:44]} 6... Be7 {[%clk 1:15:33]} 7. Qc2 { [%clk
1:18:01]} 7... O-O {[%clk 1:15:28]} 8. Nbd2 {[%clk 1:18:01]} 8... h6 { [%clk
1:07:16]} 9. e4 {[%clk 1:18:12]} 9... dxe4 {[%clk 1:07:08]} 10. Nxe4 { [%clk
1:18:33]} 10... Nxe4 {[%clk 1:07:28]} 11. Qxe4 {[%clk 1:18:57]} 11... Nf6
{[%clk 1:07:53]} 12. Qc2 {[%clk 1:19:02]} 12... Bd6 {[%clk 1:04:38]} 13. b3 {
[%clk 1:17:24]} 13... Bd7 {[%clk 0:59:08]} 14. Bb2 {[%clk 1:15:58]} 14... Rc8 {
[%clk 0:58:37]} 15. Rad1 {[%clk 1:14:01]} 15... Qa5 {[%clk 0:42:27]} 16. Ne5 {
[%clk 1:08:37]} 16... Be8 {[%clk 0:38:25]} 17. Rfe1 {[%clk 1:04:01]} 17... Nd7
{[%clk 0:35:07]} 18. Bc3 {[%clk 0:58:34]} 18... Bb4 {[%clk 0:32:42]} 19. Bxb4 {
[%clk 0:58:09]} 19... Qxb4 {[%clk 0:33:02]} 20. Nd3 {[%clk 0:57:56]} 20... Qb6
{[%clk 0:31:07]} 21. Nb2 {[%clk 0:54:07]} 21... Qc7 {[%clk 0:29:10]} 22. c5 {
[%clk 0:50:30]} 22... b6 {[%clk 0:26:16]} 23. Nc4 {[%clk 0:47:31]} 23... b5 {
[%clk 0:19:34]} 24. Nd6 {[%clk 0:47:40]} 24... Rd8 {[%clk 0:19:59]} 25. Qe4 {
[%clk 0:29:49]} 25... Nb8 {[%clk 0:12:05]} 26. Rd3 {[%clk 0:25:33]} 26... Qe7 {
[%clk 0:11:48]} 27. Qf4 {[%clk 0:18:41]} 27... Na6 {[%clk 0:10:28]} 28. a3 {
[%clk 0:14:00]} 28... Nc7 {[%clk 0:10:12]} 29. Nf5 {[%clk 0:13:58]} 29... Qd7 {
[%clk 0:09:09]} 30. Bxc6 {[%clk 0:13:35]} 30... Nd5 {[%clk 0:08:11]} 31. Nxh6+
{[%clk 0:10:36]} 31... Kh8 {[%clk 0:07:41]} 32. Qh4 {[%clk 0:09:30]} 32... Qe7
{[%clk 0:05:03]} 33. Nxf7+ {[%clk 0:09:35]} 33... Kg8 {[%clk 0:04:52]} 34. Qxe7
{[%clk 0:09:11]} 34... Nxe7 {[%clk 0:05:10]} 35. Nxd8 {[%clk 0:09:31]} 35...
Nxc6 {[%clk 0:05:20]} 36. Nxc6 {[%clk 0:09:43]} 36... Bxc6 {[%clk 0:05:44]} 37.
Rxe6 {[%clk 0:10:00]} 37... Bd5 {[%clk 0:05:33]} 38. Re5 {[%clk 0:10:23]} 38...
Rd8 {[%clk 0:05:19]} 39. Rxd5 {[%clk 0:10:35]} 39... Rxd5 {[%clk 0:05:39]} 40.
c6 {[%clk 0:10:59]} 40... Rd8 {[%clk 0:06:03]} 41. d5 {[%clk 0:11:22]} 41...
Kf7 {[%clk 0:06:26]} 42. d6 {[%clk 0:11:44]} 42... Ke6 {[%clk 0:06:09]} 43. c7
{[%clk 0:12:06]} 43... Rc8 {[%clk 0:06:05]} 44. d7 {[%clk 0:12:32]} 44... Rxc7
{[%clk 0:06:26]} 45. d8=Q {[%clk 0:12:54]} 45... Rc1+ {[%clk 0:06:40]} 46. Kg2
{[%clk 0:13:14]} 46... Ra1 {[%clk 0:06:57]} 47. Re3+ {[%clk 0:13:35]} 47... Kf5
{[%clk 0:07:18]} 48. Qf8+ {[%clk 0:13:55]} 48... Kg6 {[%clk 0:07:38]} 49. g4 {
[%clk 0:14:04]} 49... b4 {[%clk 0:07:38]} 50. Qf5+ {[%clk 0:14:29]} 1-0

[Event "DEM U12 2018"]
[Site "Willingen GER"]
[Date "2018.05.24"]
[Round "8"]
[White "Stepanov, Maximilian"]
[Black "Huo, Da"]
[Result "0-1"]
[Termination "normal"]
[Board "13"]
[WhiteElo "1300"]
[BlackElo "1686"]
[PlyCount "76"]
[WhiteFideId "16244680"]
[BlackFideId "16221206"]
[EventCountry "GER"]
[EventRounds "11"]
[EventType "swiss"]
[EventDate "2018.05.19"]

1. d4 Nf6 2. Nf3 e6 3. Bf4 b6 4. c3 Bb7 5. Nbd2 Be7 6. e3 c5 7. Bd3 d6 8. O-O
O-O 9. h3 Re8 10. Re1 Bf8 11. Bg5 Nbd7 12. e4 e5 13. d5 Be7 14. Bb5 a6 15. Bxd7
Qxd7 16. c4 Qd8 17. Nf1 Nxd5 18. cxd5 Bxg5 19. Nxg5 Qxg5 20. Ne3 Bc8 21. Qf3 b5
22. a4 Bd7 23. b3 g6 24. g4 Kg7 25. Kh1 Rh8 26. Rg1 Qf6 27. Qg2 h5 28. axb5
hxg4 29. bxa6 Rxh3+ 30. Qxh3 gxh3 31. Nc4 Bb5 32. Nb6 Rxa6 33. Rxa6 Bxa6 34.
Rg3 Qxf2 35. Rxh3 Bf1 36. Rh2 Qf3+ 37. Kg1 Bh3 38. Nc4 Qf1# 0-1

[Event "DEM U12 2018"]
[Site "Willingen GER"]
[Date "2018.05.24"]
[Round "8"]
[White "Hagenbeck-Hübert, Ben"]
[Black "Schulemann, Gero"]
[Result "0-1"]
[Termination "normal"]
[Board "14"]
[WhiteElo "1760"]
[BlackElo "1700"]
[PlyCount "72"]
[WhiteFideId "16230779"]
[BlackFideId "16227646"]
[EventCountry "GER"]
[EventRounds "11"]
[EventType "swiss"]
[EventDate "2018.05.19"]

1. e4 c5 2. Nc3 Nc6 3. f4 d6 4. Bb5 a6 5. Bxc6+ bxc6 6. Nf3 d5 7. d3 e6 8. O-O
Nf6 9. h3 Qc7 10. g4 Bb7 11. Re1 O-O-O 12. e5 Nd7 13. b3 h6 14. Ne2 g5 15. c3
Be7 16. d4 Rdg8 17. Rb1 h5 18. Nh2 hxg4 19. hxg4 gxf4 20. Bxf4 f5 21. Bg3 fxg4
22. Nf4 Nf8 23. Rb2 Bh4 24. Rg2 Bxg3 25. Rxg3 Qh7 26. Qe2 Qh4 27. Qg2 Ng6 28.
Nxe6 Re8 29. Nxc5 Nf4 30. Qf2 Nh3+ 31. Rxh3 Qxh3 32. Re3 Qh5 33. Rg3 Ref8 34.
Qg2 Qg5 35. Nxg4 Qc1+ 36. Qf1 Qxf1# 0-1

[Event "DEM U12 2018"]
[Site "Willingen GER"]
[Date "2018.05.24"]
[Round "8"]
[White "Hoke, Adrian Neo"]
[Black "Phan Trong, Dai"]
[Result "0-1"]
[Termination "normal"]
[Board "15"]
[WhiteElo "1628"]
[BlackElo "1579"]
[PlyCount "84"]
[WhiteFideId "16218264"]
[BlackFideId "16236939"]
[EventCountry "GER"]
[EventRounds "11"]
[EventType "swiss"]
[EventDate "2018.05.19"]

1. e4 e5 2. Nf3 Nc6 3. Bb5 a6 4. Ba4 Nf6 5. O-O b5 6. Bb3 Be7 7. Re1 O-O 8. c3
d6 9. Bc2 Bg4 10. d3 d5 11. Nbd2 Re8 12. h3 dxe4 13. dxe4 Be6 14. b4 Bf8 15.
Bb2 g6 16. Nb3 Bc4 17. Nbd2 Bd3 18. Bxd3 Qxd3 19. Nb3 Qc4 20. Qe2 Qxe2 21. Rxe2
Rad8 22. Ree1 Nh5 23. g3 Ng7 24. a4 h6 25. Kg2 Re6 26. axb5 axb5 27. Na5 Nxa5
28. Rxa5 c6 29. Nh2 Ne8 30. Ra6 f5 31. exf5 gxf5 32. Nf3 Bg7 33. Nd4 exd4 34.
Rxe6 Nc7 35. Rexc6 Nxa6 36. Rxa6 dxc3 37. Bc1 Rd4 38. Rc6 Rxb4 39. Kf3 Rb1 40.
Bxh6 Bxh6 41. Rxh6 c2 42. Rc6 c1=Q 0-1

[Event "DEM U12 2018"]
[Site "Willingen GER"]
[Date "2018.05.24"]
[Round "8"]
[White "Klugstedt, Vincent"]
[Black "Morczynski, Joachim"]
[Result "1-0"]
[Termination "normal"]
[Board "16"]
[WhiteElo "1810"]
[BlackElo "1665"]
[PlyCount "193"]
[WhiteFideId "16216393"]
[BlackFideId "16209745"]
[EventCountry "GER"]
[EventRounds "11"]
[EventType "swiss"]
[EventDate "2018.05.19"]

1. d4 Nf6 2. c4 g6 3. Nc3 Bg7 4. e4 d6 5. f3 O-O 6. Be3 c5 7. dxc5 dxc5 8. Qxd8
Rxd8 9. Bxc5 Nc6 10. Nge2 b6 11. Ba3 Bh6 12. Nd5 Nxd5 13. cxd5 Ne5 14. Nc3 e6
15. Be7 Re8 16. d6 a6 17. Rd1 Bd7 18. Bf6 Nc6 19. g4 Bf4 20. Bc4 Ne5 21. Bxe5
Bxe5 22. O-O b5 23. Bb3 g5 24. Rd2 Bf4 25. Rdd1 Rac8 26. Ne2 Be5 27. Nd4 Bxd6
28. Nxe6 Bxh2+ 29. Kxh2 Bxe6 30. Bxe6 Rc2+ 31. Kg3 Rxe6 32. Rf2 Rec6 33. Rdd2
Rxd2 34. Rxd2 Kg7 {(=)} 35. Kf2 h6 36. Ke3 Kf6 37. b3 Rc3+ 38. Kf2 Rc6 39. Kg3
Kg7 40. Rd3 f6 41. a3 Re6 {(=)} 42. Rd7+ Kg6 43. Ra7 Rc6 44. b4 Rd6 45. Kf2 Rc6
46. Ke2 Rd6 47. Ke3 Rc6 48. Kd4 Rd6+ 49. Kc5 Re6 {(=)} 50. Rb7 h5 51. gxh5+
Kxh5 52. Rh7+ Kg6 53. Rh8 Kg7 54. Rd8 Kg6 55. Kd5 Rb6 56. Kc5 Re6 57. Kd5 Rb6
58. Rg8+ Kf7 59. Rh8 Kg7 60. Re8 Kf7 61. Rc8 Ke7 62. Rc7+ Kd8 63. Rc6 Rxc6 64.
Kxc6 Ke7 65. Kb6 Ke6 66. Kxa6 Ke5 67. Kxb5 Kf4 68. a4 Kxf3 69. a5 g4 70. a6 g3
71. a7 g2 72. a8=Q g1=Q 73. e5+ Kf4 74. e6 Qf1+ 75. Kc5 Qc1+ 76. Kd6 Qd2+ 77.
Ke7 Qxb4+ 78. Kf7 Qb3 79. Qc6 f5 80. Kf8 Qb8+ 81. Kf7 Qb3 82. Kf8 Qb8+ 83. Kf7
Qb3 84. Qd6+ Kg5 85. Kf8 Qc3 86. e7 Qh8+ 87. Kf7 Qh5+ 88. Ke6 Qe2+ 89. Kd7 Qb5+
90. Qc6 Qd3+ 91. Kc8 Qh3 92. e8=Q f4+ 93. Qee6 Qh8+ 94. Kd7 Qg7+ 95. Qe7+ Qxe7+
96. Kxe7 Kg4 97. Qg2+ 1-0

[Event "DEM U12 2018"]
[Site "Willingen GER"]
[Date "2018.05.24"]
[Round "8"]
[White "Lehmann, Nils"]
[Black "Wildermuth, Nikolas Karl"]
[Result "1/2-1/2"]
[Termination "normal"]
[Board "17"]
[WhiteElo "1558"]
[BlackElo "1495"]
[PlyCount "61"]
[WhiteFideId "12982610"]
[BlackFideId "16244699"]
[EventCountry "GER"]
[EventRounds "11"]
[EventType "swiss"]
[EventDate "2018.05.19"]

1. e4 c5 2. Nf3 e6 3. d4 cxd4 4. Nxd4 a6 5. Nc3 Qc7 6. Bd3 Nf6 7. f4 b5 8. e5
b4 9. Ne4 Nxe4 10. Bxe4 Bb7 11. Qf3 Nc6 12. Nxc6 Bxc6 13. Bxc6 Qxc6 14. Qxc6
dxc6 15. Be3 Be7 16. Rd1 Rd8 17. Ke2 Rd5 18. Rxd5 cxd5 19. Rd1 Kd7 20. Rd3 Rc8
21. Kd2 Bc5 22. Bxc5 Rxc5 23. a3 Rc4 24. g3 a5 25. Rb3 Kc6 26. axb4 axb4 27.
Re3 Rd4+ 28. Rd3 Kc5 29. Ke3 Re4+ 30. Kd2 Kb5 31. b3 1/2-1/2

[Event "DEM U12 2018"]
[Site "Willingen GER"]
[Date "2018.05.24"]
[Round "8"]
[White "Tovmasyan, Minas"]
[Black "Neuber, Pascal"]
[Result "0-1"]
[Termination "normal"]
[Board "18"]
[WhiteElo "1480"]
[BlackElo "1782"]
[PlyCount "48"]
[WhiteFideId "16247620"]
[BlackFideId "16227611"]
[EventCountry "GER"]
[EventRounds "11"]
[EventType "swiss"]
[EventDate "2018.05.19"]

1. d4 Nf6 2. c4 c5 3. d5 b5 4. Qc2 bxc4 5. e4 d6 6. Bxc4 e6 7. dxe6 fxe6 8. Nf3
d5 9. exd5 exd5 10. Be2 Be7 11. O-O O-O 12. Bg5 Ne4 13. Bxe7 Qxe7 14. Nbd2 Bf5
15. Nxe4 Bxe4 16. Qd2 Nc6 17. Rac1 Rab8 18. b3 Rf6 19. Rfe1 Rg6 20. Kh1 Qd6 21.
Rg1 Rh6 22. h3 Qd7 23. Ng5 Rxh3+ 24. Nxh3 Qxh3# 0-1

[Event "DEM U12 2018"]
[Site "Willingen GER"]
[Date "2018.05.24"]
[Round "8"]
[White "Movsisyan, Andranik"]
[Black "Kort, Felix"]
[Result "0-1"]
[Termination "normal"]
[Board "19"]
[WhiteElo "1654"]
[BlackElo "1672"]
[PlyCount "70"]
[WhiteFideId "16240391"]
[BlackFideId "16220129"]
[EventCountry "GER"]
[EventRounds "11"]
[EventType "swiss"]
[EventDate "2018.05.19"]

1. e4 e5 2. Nf3 Nc6 3. Bc4 Bc5 4. c3 Nf6 5. d4 exd4 6. cxd4 Bb4+ 7. Bd2 Nxe4 8.
Bxb4 Nxb4 9. Bxf7+ Kxf7 10. Qb3+ d5 11. Qxb4 Re8 12. O-O Qf6 13. Ne5+ Kg8 14.
f3 Nd6 15. Nc3 c6 16. Rfe1 Nf5 17. Re2 a5 18. Qc5 Re7 19. Rae1 Be6 20. Ng4
Qxd4+ 21. Qxd4 Nxd4 22. Re5 Rae8 23. Na4 Kf8 24. Nf2 Bf5 25. Rxe7 Rxe7 26. Rxe7
Kxe7 27. Nc5 b6 28. Ncd3 Bxd3 29. Nxd3 c5 30. Kf2 Kf6 31. Nf4 Ke5 32. Nh5 g6
33. Ng7 a4 34. g3 Nb5 35. b3 a3 0-1

[Event "DEM U12 2018"]
[Site "Willingen GER"]
[Date "2018.05.24"]
[Round "8"]
[White "Hoffmann, Kay"]
[Black "Duduka, Artem"]
[Result "1/2-1/2"]
[Termination "normal"]
[Board "20"]
[WhiteElo "1247"]
[BlackElo "1598"]
[PlyCount "112"]
[WhiteFideId "16227000"]
[BlackFideId "14194805"]
[EventCountry "GER"]
[EventRounds "11"]
[EventType "swiss"]
[EventDate "2018.05.19"]

1. d4 Nf6 2. Nf3 g6 3. Bf4 d5 4. e3 Bg7 5. Bd3 O-O 6. O-O Nc6 7. c3 Re8 8. Ne5
Nxe5 9. Bxe5 Nd7 10. Bxg7 Kxg7 11. f4 Nf6 12. Nd2 Bg4 13. Nf3 c6 14. h3 Bxf3
15. Rxf3 Rc8 16. g4 Ne4 17. Bxe4 dxe4 18. Rf2 e6 19. g5 h6 20. h4 h5 21. Rd2
Qd5 22. Qb3 Qf5 23. Qd1 Red8 24. Qe2 Rd7 25. Rad1 Rcd8 26. Kg2 Qd5 27. b3 Qa5
28. Qc4 c5 29. b4 cxb4 30. cxb4 Qf5 31. Qe2 Rc7 32. Rc2 Rxc2 33. Qxc2 Qg4+ 34.
Kf1 Qxh4 35. Qxe4 Qh3+ 36. Kf2 Qh2+ 37. Kf1 Qxa2 38. Qxb7 Qc4+ 39. Kf2 Rc8 40.
Qxa7 Qxb4 41. Qa2 Qc3 42. Qd2 Qxd2+ 43. Rxd2 Kf8 44. e4 Rc3 45. d5 Ke7 46. d6+
Kd7 47. e5 Rb3 48. Ra2 Rb7 49. Rc2 Kd8 50. Kg3 Rb3+ 51. Kg2 Rb4 52. Kg3 Rb7 53.
Ra2 Kd7 54. Rc2 Ra7 55. Rb2 Kc6 56. Rc2+ Kd7 1/2-1/2

[Event "DEM U12 2018"]
[Site "Willingen GER"]
[Date "2018.05.24"]
[Round "8"]
[White "Sallandt, Frido"]
[Black "Greßler, Christian"]
[Result "1-0"]
[Termination "normal"]
[Board "21"]
[WhiteElo "1524"]
[BlackElo "1290"]
[PlyCount "87"]
[WhiteFideId "16231767"]
[BlackFideId "16244907"]
[EventCountry "GER"]
[EventRounds "11"]
[EventType "swiss"]
[EventDate "2018.05.19"]

1. e4 e6 2. d4 d5 3. Nd2 Nf6 4. e5 Nfd7 5. Bd3 c5 6. c3 Nc6 7. Ne2 cxd4 8. cxd4
f6 9. exf6 Nxf6 10. Nf3 Qb6 11. O-O Bd6 12. Bf4 Be7 13. a3 O-O 14. Qc2 h6 15.
Rad1 Bd7 16. b4 Rac8 17. Qb1 Be8 18. Bg6 Qd8 19. Ng3 Ne4 20. Bxe4 Rxf4 21. Bh7+
Kh8 22. Rfe1 Qd7 23. Bg6 Rg4 24. Bxe8 Rxe8 25. h4 Rf4 26. Nh5 Rf7 27. b5 Nd8
28. Ne5 Qd6 29. Nxf7+ Nxf7 30. Qg6 Bf8 31. Qxf7 Rd8 32. Rxe6 Qxa3 33. Re8 Rxe8
34. Qxe8 Kh7 35. Qf7 Qb3 36. Rf1 Qb4 37. Kh1 b6 38. Rg1 Kh8 39. g4 Qa3 40. Rg3
Qc1+ 41. Kg2 Qc8 42. g5 hxg5 43. Rxg5 Qd8 44. Rxg7 1-0

[Event "DEM U12 2018"]
[Site "Willingen GER"]
[Date "2018.05.24"]
[Round "8"]
[White "Schwartz, Oliver"]
[Black "Felten, Maximilian"]
[Result "1-0"]
[Termination "normal"]
[Board "22"]
[WhiteElo "1651"]
[BlackElo "1664"]
[PlyCount "61"]
[WhiteFideId "16207459"]
[BlackFideId "4004949"]
[EventCountry "GER"]
[EventRounds "11"]
[EventType "swiss"]
[EventDate "2018.05.19"]

1. e4 e6 2. d4 d5 3. e5 c5 4. c3 Nc6 5. Nf3 Qb6 6. a3 Bd7 7. b4 cxb4 8. cxb4 f6
9. exf6 Nxf6 10. Bb2 Bd6 11. Bd3 O-O 12. O-O Rae8 13. Re1 Qc7 14. Nc3 e5 15.
Nb5 Qb8 16. Nxd6 Qxd6 17. dxe5 Nxe5 18. Nxe5 Qb6 19. Nxd7 Nxd7 20. Rxe8 Qxf2+
21. Kh1 Rxe8 22. Bd4 Qf4 23. Bb5 Re7 24. Rc1 Re4 25. Rc8+ Kf7 26. Qh5+ Ke6 27.
Qe8+ Kf5 28. Qxd7+ Kg5 29. Qxg7+ Kh5 30. Qxh7+ Qh6 31. Qf5+ 1-0

[Event "DEM U12 2018"]
[Site "Willingen GER"]
[Date "2018.05.24"]
[Round "8"]
[White "Hänselmann, Hendrik"]
[Black "Gerdes, Jannes"]
[Result "1/2-1/2"]
[Termination "normal"]
[Board "23"]
[WhiteElo "1713"]
[BlackElo "1492"]
[PlyCount "76"]
[WhiteFideId "16232755"]
[BlackFideId "16254627"]
[EventCountry "GER"]
[EventRounds "11"]
[EventType "swiss"]
[EventDate "2018.05.19"]

1. e4 c5 2. Nf3 e6 3. d4 cxd4 4. Nxd4 Nc6 5. Nc3 Qc7 6. Nb3 Nf6 7. Bd3 Be7 8.
O-O O-O 9. f4 d6 10. Be3 a6 11. Qf3 Nb4 12. Rac1 b5 13. a3 Nc6 14. Rfe1 Bb7 15.
Qh3 h6 16. Kh1 Rac8 17. Qg3 Kh8 18. h3 Na5 19. Nxa5 Qxa5 20. e5 dxe5 21. fxe5
Nd5 22. Nxd5 Bxd5 23. Re2 Qd8 24. Qe1 Bg5 25. Qd2 Bxe3 26. Qxe3 Bc4 27. Bxc4
Rxc4 28. Qa7 Qc8 29. c3 Kg8 30. Rf2 Rc7 31. Qe3 Rc5 32. Qg3 Qc7 33. Re1 f6 34.
Rfe2 f5 35. Qg6 Qd7 36. Re3 Rd8 37. Rg3 Kf8 38. Qh5 Qf7 1/2-1/2

[Event "DEM U12 2018"]
[Site "Willingen GER"]
[Date "2018.05.24"]
[Round "8"]
[White "Mimkes, Antal"]
[Black "Ljuca, Semir"]
[Result "1-0"]
[Termination "normal"]
[Board "25"]
[WhiteElo "1559"]
[BlackElo "1344"]
[PlyCount "61"]
[WhiteFideId "16265963"]
[BlackFideId "16216130"]
[EventCountry "GER"]
[EventRounds "11"]
[EventType "swiss"]
[EventDate "2018.05.19"]

1. e4 c5 2. d4 cxd4 3. c3 dxc3 4. Nxc3 d6 5. Bc4 e6 6. Nf3 Nc6 7. O-O Nf6 8.
Bg5 Be7 9. Qc2 O-O 10. Rad1 a6 11. e5 Ne8 12. Ne4 Nxe5 13. Nxe5 Bxg5 14. Nf3
Be7 15. Bd3 Bd7 16. Nc3 Nf6 17. Ng5 g6 18. Nge4 Rc8 19. Qd2 d5 20. Ng3 Bb4 21.
a3 Bxc3 22. bxc3 Qa5 23. Qg5 Kg7 24. Rc1 Qxa3 25. Qe5 Rc5 26. Nh5+ gxh5 27.
Qg5+ Kh8 28. Qxf6+ Kg8 29. Qg5+ Kh8 30. Qh6 f5 31. Qxf8# 1-0

[Event "DEM U12 2018"]
[Site "Willingen GER"]
[Date "2018.05.24"]
[Round "8"]
[White "May, Alexander"]
[Black "Niemann, Leon"]
[Result "0-1"]
[Termination "normal"]
[Board "26"]
[WhiteElo "1373"]
[BlackElo "1563"]
[PlyCount "124"]
[WhiteFideId "16244974"]
[BlackFideId "16218388"]
[EventCountry "GER"]
[EventRounds "11"]
[EventType "swiss"]
[EventDate "2018.05.19"]

1. e4 c5 2. Nf3 Nc6 3. d4 cxd4 4. Nxd4 g6 5. Nc3 Bg7 6. Be3 Nf6 7. Bc4 Qa5 8.
O-O O-O 9. Bb3 d6 10. h3 Bd7 11. Re1 Nxd4 12. Bxd4 Bc6 13. Nd5 Bxd5 14. exd5
Rfe8 15. c3 b5 16. Qd2 a6 17. Rad1 Rab8 18. a3 Qc7 19. Ba2 Qb7 20. Bb1 Qxd5 21.
Qe3 Qb7 22. Be4 Qxe4 23. Qxe4 Nxe4 24. Bxg7 Kxg7 25. Rxe4 Kf8 26. Kf1 Rb6 27.
Rd3 e6 28. Rf3 Ke7 29. Rd3 f5 30. Ree3 e5 31. Ke2 Ke6 32. f4 Re7 33. fxe5 dxe5
34. g3 g5 35. b3 Rc6 36. Kd2 Rec7 37. b4 {(=)} Rd6 38. Rxd6+ Kxd6 39. Rf3 Ke6
40. Re3 h5 41. Ke2 e4 42. g4 hxg4 43. hxg4 Rh7 44. gxf5+ Kxf5 45. Kf2 Kf4 46.
Re1 Rh2+ 47. Kg1 Rd2 48. Rc1 e3 49. Kf1 Kf3 50. c4 bxc4 51. Ke1 Rh2 52. Kd1
Rh1+ 53. Kc2 Rxc1+ 54. Kxc1 e2 55. Kd2 c3+ 56. Kxc3 e1=Q+ 57. Kc4 Ke4 58. a4
Qc1+ 59. Kb3 Kd3 60. b5 Qc3+ 61. Ka2 Kc2 62. a5 Qb2# 0-1

[Event "DEM U12 2018"]
[Site "Willingen GER"]
[Date "2018.05.24"]
[Round "8"]
[White "Langer, Paul Georg"]
[Black "Dornheim, Carl Friedrich"]
[Result "1-0"]
[Termination "normal"]
[Board "27"]
[WhiteElo "1300"]
[BlackElo "1441"]
[PlyCount "47"]
[WhiteFideId "16230051"]
[BlackFideId "16252314"]
[EventCountry "GER"]
[EventRounds "11"]
[EventType "swiss"]
[EventDate "2018.05.19"]

1. e4 e5 2. Nf3 Nc6 3. Bc4 Bc5 4. c3 Nf6 5. d4 exd4 6. cxd4 Bb4+ 7. Bd2 Bxd2+
8. Nbxd2 d5 9. exd5 Nxd5 10. Qb3 Nce7 11. O-O O-O 12. Rfe1 c6 13. Rad1 Nb6 14.
h3 Nxc4 15. Qxc4 Nd5 16. Ne4 Re8 17. Nc5 Rxe1+ 18. Rxe1 h6 19. Qe2 Kf8 20. Ne5
Nf6 21. Qc4 Qd5 22. Qb4 a5 23. Ne6+ Ke8 24. Qf8# 1-0

[Event "DEM U12 2018"]
[Site "Willingen GER"]
[Date "2018.05.24"]
[Round "8"]
[White "Sinnhöfer, Joshua"]
[Black "Hochlenert, Ben"]
[Result "1-0"]
[Termination "normal"]
[Board "28"]
[WhiteElo "1536"]
[BlackElo "1023"]
[PlyCount "109"]
[WhiteFideId "16201361"]
[BlackFideId "16265980"]
[EventCountry "GER"]
[EventRounds "11"]
[EventType "swiss"]
[EventDate "2018.05.19"]

1. e4 e5 2. f4 exf4 3. Nf3 Nf6 4. Nc3 Bb4 5. e5 Bxc3 6. bxc3 Nd5 7. Bc4 Nb6 8.
Bb3 d5 9. d4 Be6 10. Bxf4 h6 11. Qd2 Nc6 12. a4 a5 13. O-O Qd7 14. Ne1 Nc4 15.
Bxc4 dxc4 16. Rd1 Ne7 17. Rb1 Bd5 18. Ra1 Bc6 19. Qf2 Bd5 20. Nf3 O-O-O 21. Nd2
Rhf8 22. Qe2 Qe6 23. Rab1 f6 24. Ne4 Bxe4 25. Qxe4 Qd5 26. Qe2 fxe5 27. Rb5 Qd7
28. Rxe5 Nc6 29. Rc5 Rf6 30. Qxc4 Rdf8 31. d5 Rxf4 32. Rxf4 Rxf4 33. Qxf4 Qe7
34. Qf2 Qg5 35. h4 Qc1+ 36. Kh2 b6 37. dxc6 Qd1 38. Qf8+ Qd8 39. Rf5 g6 40. Rf6
b5 41. Qxd8+ Kxd8 42. Rxg6 bxa4 43. Rg4 h5 44. Rxa4 Ke7 45. Rxa5 Kd6 46. Rxh5
Kxc6 47. g4 Kd6 48. Rf5 c5 49. h5 c4 50. h6 Kc6 51. h7 Kd6 52. h8=Q Kd7 53. Rf6
Ke7 54. Qg7+ Kd8 55. Rf8# 1-0